1945 1880 1403 1044 1001 1456 1489 1782 1261 1451 1874 1063 1382 1195 1039 1257 1324 1071 1243 1221 1562 1167 1791 1753 1465 1477 1255 1411 1353 1548 1316 1376 1944 1367 1563 1431 1265 1176 1547 1107 1133 1351 1125 1025 1370 1872 1380 1325 1694 1510 1281 1381 1539 1603 1487 1098 1296 1010 1212 1901 1610 1267 1019 1314 1285 1971 1765 1113 1910 1390 1427 1017 1938 1144 1063 1731 1817 1664 1591 1550 1803 1442 1872 1872 1271 1177 1750 1421 1222 1838 1611 1960 1567 1264 1602 1033 1333 1972 1031 BCNSPRNW ULIB Ver.6.0+V

เปลี่ยนเป็นภาษาไทย

Change to English
 แสดงรายละเอียดบรรณานุกรม
  กลับหน้าหลัก

Brief Record : Get Marc (ISO 2709) : E-mail record : QR code < ปิดหน้าต่าง
LEADER : 00000nam 2200000uu 4500
001    13399108179
003     ULIB
008    110220s2549||||th 000 0 tha d
060  4 WY18.2^bว587ส 2549
110 1  วิทยาลัยพยาบาลเครือข่ายภาคกลาง
245 00 สาระทบทวน วิชา การพยาบาลผู้สูงอายุ/^cวิทยาลัยพยาบาลเครือข่ายภาคกลาง
250    พิมพ์ครั้งที่ 2
260    กรุงเทพฯ:^bวิทยาลัยพยาบาลเครือข่ายภาคกลาง,^c2549
300    137
650  7 การพยาบาลผู้สูงอายุ^xคำถามและคำตอบ
945    ^p0^l0^i019339
995    ทศพร
999 ^a ใช้งานได้ทุกระบบ
รายการนี้ยังไม่มีแท็ก
คุณยังไม่ได้ล็อกอิน คุณสามารถมีกิจกรรมร่วมกับเว็บไซต์ได้ แต่ต้องล็อกอินก่อน ::
  ล็อกอิน

รายการสื่อสารสนเทศ

ลำดับที่ ประเภท เลขเรียก/บาร์โค้ด สถานที่ สถานะ
- ไม่พบข้อมูล -

BibComment


ยังไม่เคยถูกคอมเมนท์

คอมเมนท์ทรัพยากรรายการนี้
  คอมเมนท์: สาระทบทวน วิชา กา..


 Copyright 2026. Bcnsprnw @Library